Movies Quiz

Random Movies or Actor Quiz

Who Am I? Film Actors and Actresses Quiz Stats

 Plays Quiz Updated Jan 5, 2016

Support Sporcle.
Go Orange.
Score 0/24 Timer 06:00
0 Plays Today
% Correct
Harrison Ford
92.8%
Meryl Streep
89.4%
John Wayne
88.5%
Tom Hanks
87.9%
Bill Murray
87.1%
Jennifer Lawrence
86.6%
Elizabeth Taylor
86.3%
Marlon Brando
85.3%
Toshiro Mifune
85%
Shirley Temple
81.9%
Paul Newman
80.3%
Humphrey Bogart
80%
% Correct
Henry Fonda
79.3%
Clark Gable
77.2%
Charlie Chaplin
75.4%
James Stewart
72.4%
Cary Grant
69.9%
Jodie Foster
66.8%
Hattie McDaniel
64.5%
Lon Chaney
64.3%
Georges Méliès
62.8%
Will Smith
60.2%
Katharine Hepburn
57%
Ingrid Bergman
52.6%

From the Vault

140 Disney Character Tweet

by LTH

Yes, we know it's 280 now, but that's just excessive.
Remove Ads.
Support Sporcle.
Get the best of Sporcle when you Go Orange. This ad-free experience offers more features, more stats, and more fun while also helping to support Sporcle. Thank you for becoming a member.

Show Comments

Extras

Top Quizzes Today


Score Distribution

Your Account Isn't Verified!

In order to create a playlist on Sporcle, you need to verify the email address you used during registration. Go to your Sporcle Settings to finish the process.

Report this User

Report this user for behavior that violates our Community Guidelines.

Details: